| 000 | 00966cam a22002175a 4500 | ||
|---|---|---|---|
| 001 | L150325 | ||
| 008 | 100629e2010 xxk 000 0 eng d | ||
| 035 | _a(Sirsi) u150325 | ||
| 041 | 0 | _aeng | |
| 100 | 1 | _aBazlinton, Chris | |
| 245 | 0 | 0 |
_aTop 50 developers 2010 _h[electronic resource] |
| 260 | _c2010 | ||
| 490 |
_aInside Housing _v25 June 2010, 36-40(5) |
||
| 520 | _aAnnual survey of the top 50 developing housing associations; includes list of top 50 developers with rankings 2009 and 2010, names of housing associations and their developments by number of units in 2009 and 2010, and NAHP allocations. | ||
| 590 | _aKA | ||
| 651 | 4 |
_aEngland _y886- |
|
| 690 | _aPROPERTY-RESIDENTIAL PROPERTY-DOMESTIC RESIDENTIAL PROPERTY-HOUSING | ||
| 690 | _aBUILT ENVIRONMENT-CONSTRUCTION | ||
| 856 | 4 | 8 |
_uhttps://www.insidehousing.co.uk/analysis/in-depth/top-50-developers-2010/6510457.article _z View this item free of charge at www.insidehousing.co.uk |
| 942 | _n0 | ||
| 999 |
_c82462 _d82462 |
||